00545nam a2200193 a 4500001001300000003000900013005001700022008004100039020001000080082001800090100001500108245007800123260005900201300000900260500003500269505001300304650001900317700001500336nice12345678IN_TiNIC20260116011315.0050524s1969 bana grp 000 0 eng  ac5.500a230.0954bBAA aBaago, Kaj aPioneers of Indigenous Christianityb Confessling the Faith in India No.4 aBangalorebChristian Instt.For Study of Religionc1969 a214p aincludes index and biblioraphy2 aAppendix aTheology-India1 aBaago, Kaj